Responses for Show #8787 - Tuesday, January 17, 2023

Contestants

[<< previous game]

Stephanie Pakula, an aerospace engineer from Cambridge, Massachusetts

Vince Bacani, a risk manager from Montreal, Quebec, Canada

Katie Palumbo, a museum interpreter from Amawalk, New York (whose 1-day cash winnings total $23,100)

[next game >>]

Jeopardy! Round responses

THE REAL REAL HOUSEWIVES OF...
"I" ON ART
ALL ABOUT HAIR
SUMMING UP THE SPIELBERG MOVIE
DOUBLE VOWELS NEXT TO DOUBLE CONSONANTS
DURING THE LIZ TRUSS WEEKS
(Ken: Remember that heady time?)
    $200 30
(Dr.) Martin Luther King Jr.

Katie
    $200 23
ink

Katie
    $200 10
a cuticle

Katie
    $200 20
Jurassic Park

Katie
    $200 6
raccoons

Stephanie
    $200 29
Ukraine

Katie
    $400 24
Beverly Hills

Vince
    $400 22
an impressionist

Vince
    $400 9
(Vince: What is psoriasis?)

dandruff

VinceStephanie
    $400 19
Jaws

Vince
    $400 5
balloon

Triple Stumper
    $400 28
(Aaron) Judge

Vince
    $600 15
Dubai

Katie
    $600 13
icons

Vince
    $600 7
stand on end

Katie
    $600 1
Saving Private Ryan

Vince
    $600 2
succeed

Vince
    $600 27
Windsor Castle

Vince
    $1,200 16
the Chrysler Building

Katie
    $800 14
the Israelites

Katie
    $800 8
(Vince: What is [**]?)
[Initially ruled incorrect; reversed after the first break]

a protein (a polymer)

VinceStephanie
    $800 11
The Color Purple

Vince
    $800 3
committees

Vince
    $800 26
Ian

Triple Stumper
    $1000 21
the Mormon Tabernacle

Katie
    $1000 17
illusionism

Katie
    $1000 18
alopecia

Vince
    $1000 12
(Katie: What is Hugo?)
(Vince: What is 8 Millimeter?)

The Fabelmans

KatieVince
Triple Stumper
    $1000 4
fishhook

Vince
    $1000 25
Juul

Katie

Scores at the first commercial break (after clue 15):

Katie Vince Stephanie
$1,200 $3,800 $1,400

Scores at the end of the Jeopardy! Round:

Katie Vince Stephanie
$6,200 $7,000 $1,400

Double Jeopardy! Round responses

A LITTLE WORLD HISTORY
1980s BESTSELLERS
3 LETTERS, 2 MEANINGS
INTERNATIONAL FOOD & DRINK
EMMY WINNERS
SCIENCEY STUFF
    $400 27
(Arthur C.) Clarke

Vince
    $400 1
jar

Vince
    $400 28
[The end-of-round signal sounds.]

carnitas

Katie
    $400 26
Squid Game

Vince
    $400 13
the blowhole

Katie
    $800 23
(Vince: What is Mexico City?)

Lima, Peru

Vince
Triple Stumper
    $800 17
The Joy Luck Club

Vince
    $800 25
wedding soup

Vince
    $800 20
All in the Family

Vince
    $800 2
a (star) cluster

Katie
    $1200 22
mustard gas

Katie
    $1200 3
(Jackie) Collins

Vince
    $1200 16
cop

Katie
    $1200 11
boba

Katie
    $1200 14
(Jennifer) Coolidge

Vince
    $1200 4
(Katie: What is velocity?)
(Vince: What is centripetal force?)

centrifugal force

KatieVinceStephanie
    $1600 21
a bubble

Katie
    $1600 7
You're Only Old Once

Triple Stumper
    $5,000 18
(Vince: What is cry?)

a bay

Vince
    $1600 10
(Vince: What is Vegemite?)
...
(Ken: Vegemite's Australian.)

Marmite

KatieVince
    $1600 8
Northern Exposure

Vince
    $1600 5
(Stephanie: What's Ada?)

C++

Stephanie
Triple Stumper
    $6,000 24
(Katie: Who is Charlemagne?)
(Ken: No, I'm sorry, this would be Constantinople named for [*].)
...
(Ken: With less than a minute to go in the round.)

Constantine the Great

Katie
    $2000 15
Sagan

Vince
    $2000 19
dam

Vince
    $2000 12
a lassi

Vince
    $2000 9
Temple Grandin

Katie
    $2000 6
(Katie: What is torque?)

momentum

KatieVince

Scores at the end of the Double Jeopardy! Round:

Katie Vince Stephanie
$7,400 $14,000 $1,000

[wagering suggestions for these scores]

Final Jeopardy! Round responses

GEOGRAPHY MNEMONICS
(Ken: These are the states to the west of the Mississippi that kind of look like a chef standing in profile, the bottom two, his pants and shoes are [*] and [**].)
StephanieWhat are Alabama & Louisiana?
$899
KatieWhat are Alabama + Louisiana?
$5,000
VinceWhat are Louisiana & Illinois?
$1,000
Arkansas & Louisiana

Final scores:

Katie Vince Stephanie
$2,400 $13,000 $101
2nd place: $2,000 New champion: $13,000 3rd place: $1,000

Game dynamics:

Coryat scores:

Katie Vince Stephanie
$13,000 $19,000 $1,000
21 R
(including 1 DD),
4 W
(including 1 DD)
26 R,
6 W
(including 1 DD)
4 R,
1 W

Combined Coryat: $33,000

[game clues] [game scores] [suggest correction]

Game tape date: 2022-11-16
The J! Archive is created by fans, for fans. Scraping, republication, monetization, and malicious use prohibited; this site may use cookies and collect identifying information. See terms. The Jeopardy! game show and all elements thereof, including but not limited to copyright and trademark thereto, are the property of Jeopardy Productions, Inc. and are protected under law. This website is not affiliated with, sponsored by, or operated by Jeopardy Productions, Inc. Join the discussion at JBoard.tv.